LEADER 01255nam a2200277 u 4500 001 000000035345 003 CaOOAMICUS 005 20070226112557.0 008 980223s1960 it u000 u lat u 035 $a10783987 040 $aPUL(R)$bita 100 1 $aPeeters, Hermes,$cO.F.M.$0(OLS)http://pul/name/27063 245 10$aFacultates quas ordinarii et missionarii habere solent cum brevi commentario /$cP. Dr. Hermes Peeters, O.F.M. 250 $aEd. 3a adaptata. 260 $aRomae :$bPontificium Athenaeum Antonianum,$c1960. 300 $a171 p. ;$c23 cm 490 1 $aBibliotheca Pontificii Athenaei Antoniani ;$v10 504 $aBibliografia in nota a pie' di pagina. 650 4$aDiritto canonico.$0(OLS)http://pul/subject/1294 830 0$aBibliotheca Pontificii Athenaei Antoniani ;$v10.$0(OLS)http://pul/title/3419 850 $aPUL 852 $aPUL$W1$xSL Diritto Canonico 1$y5$m150 C 96$j48414$nBK-PRI$b $qStampati$B48414$CPULBib$Z2$F48414 $H $81 941 1 $a8 961 $aINV: 56764 996 $6245$aFacultates quas ordinarii et missionarii habere solent cum brevi commentario$9(OLS)http://pul/title/48612 996 $6260$aRomae :$bPontificium Athenaeum Antonianum$9(OLS)http://pul/publisher/48465 LEADER 01349nam a2200349 a 4500 001 000000042186 003 CaOOAMICUS 005 20190430120627.0 008 990223s1978 it u000 u ita u 032 $aLibriCat 035 $a10815118 040 $aPUL(R)$bita 041 1 $aita$hger 100 1 $aGollwitzer, Helmut,$d1908-1993.$0(OLS)http://pul/name/57977 240 10$aKapitalistische revolution.$lItaliano.$0(OLS)http://pul/title/56906 245 13$aLa rivoluzione capitalista /$cHelmut Gollwitzer ; editoriale e traduzione dal tedesco di Aldo Comba. 260 $aBrescia :$bQueriniana,$c1978. 300 $a115 p. ;$c20 cm 490 1 $aGiornale di teologia ;$v108 504 $aBibliografia a pič pagina. 650 4$aRivoluzione.$0(OLS)http://pul/subject/18829 650 4$aCapitalismo.$0(OLS)http://pul/subject/7257 700 1 $aComba, Aldo,$d1924-2024.$0(OLS)http://pul/name/12677 830 0$aGiornale di teologia ;$v108.$0(OLS)http://pul/title/9027 850 $aPUL 852 $aPUL$W1$xSL Religione 3$y85$m200 GDT 1.108$j57067$nBK-PRI$qDDC 21$B57067$CPULBib$Z2$F57067 $82 941 1 $a9 961 $aINV: 44858 983 0$aGdT. 996 $6245$aLa rivoluzione capitalista$9(OLS)http://pul/title/56907 996 $6260$aBrescia :$bQueriniana$9(OLS)http://pul/publisher/47906